| 000 | 00903nam a2200253 4500 | ||
|---|---|---|---|
| 999 |
_c8437 _d8437 |
||
| 001 | 22091 | ||
| 003 | BD-DhUAP | ||
| 005 | 20240314145819.0 | ||
| 008 | 061219s2007 enka b 001 0 eng | ||
| 020 | _a9780521691345 (pbk.) | ||
| 020 | _a0521691346 (pbk.) | ||
| 040 |
_aBD-DhUAP _cBD-DhUAP _dBD-DhUAP _bEng |
||
| 082 | 0 | 0 |
_a372.6044 MCK _222 |
| 100 | 1 | _aMcKay, Penny. | |
| 245 | 1 | 0 |
_aFive-minute activities for young learners / _cPenny McKay and Jenni Guse. |
| 260 |
_aCambridge : _aNew York : _bCambridge University Press, _c2007. |
||
| 300 |
_aix, 155 p. : _bill. ; _c23 cm. |
||
| 440 | 0 | _aCambridge handbooks for language teachers | |
| 504 | _aIncludes bibliographical references and index. | ||
| 650 | 0 |
_aEnglish language _xStudy and teaching (Elementary) _xForeign speakers _xActivity programs. |
|
| 700 | 1 | _aGuse, Jenni. | |
| 906 |
_a7 _bcbc _corignew _d1 _eecip _f20 _gy-gencatlg |
||
| 942 |
_2ddc _cBK |
||